A soldier's duty (Record no. 69742)
[ view plain ]
| 000 -LEADER | |
|---|---|
| fixed length control field | 01021cam a2200325 4500 |
| 001 - CONTROL NUMBER | |
| control field | 2228673 |
| 003 - CONTROL NUMBER IDENTIFIER | |
| control field | NUST - PNEC |
| 005 - DATE AND TIME OF LATEST TRANSACTION | |
| control field | 20170116181126.0 |
| 008 - FIXED-LENGTH DATA ELEMENTS--GENERAL INFORMATION | |
| fixed length control field | 710520s1970 ru ac 000 0aeng |
| 010 ## - LIBRARY OF CONGRESS CONTROL NUMBER | |
| LC control number | 75562141 |
| 015 ## - NATIONAL BIBLIOGRAPHY NUMBER | |
| National bibliography number | USSR*** |
| 020 ## - INTERNATIONAL STANDARD BOOK NUMBER | |
| International Standard Book Number | 8170621666 |
| 040 ## - CATALOGING SOURCE | |
| Original cataloging agency | DLC |
| Transcribing agency | LIBRARY |
| Modifying agency | DLC |
| 041 1# - LANGUAGE CODE | |
| Language code of text/sound track or separate title | engrus |
| 043 ## - GEOGRAPHIC AREA CODE | |
| Geographic area code | ee----- |
| 050 00 - LIBRARY OF CONGRESS CALL NUMBER | |
| Classification number | D764 |
| Item number | .R6313 |
| 082 00 - DEWEY DECIMAL CLASSIFICATION NUMBER | |
| Classification number | 940.5421 ROK |
| 100 1# - MAIN ENTRY--PERSONAL NAME | |
| Personal name | Rokossovskiĭ, Konstantin Konstantinovich, |
| Dates associated with a name | 1896-1968. |
| 240 10 - UNIFORM TITLE | |
| Uniform title | Soldatskiĭ dolg. |
| Language of a work | English |
| 245 12 - TITLE STATEMENT | |
| Title | A soldier's duty |
| Statement of responsibility, etc. | K. Rokossovsky. |
| 260 ## - PUBLICATION, DISTRIBUTION, ETC. | |
| Place of publication, distribution, etc. | Moscow, |
| Name of publisher, distributor, etc. | Progress Publishers |
| Date of publication, distribution, etc. | c.1992 |
| 300 ## - PHYSICAL DESCRIPTION | |
| Extent | 340 p. |
| Other physical details | illus., ports. |
| Dimensions | 21 cm. |
| 350 ## - PRICE (NR) (BK AM CF MU VM SE) [OBSOLETE] | |
| Price | 1.64rub |
| 500 ## - GENERAL NOTE | |
| General note | Translation of Soldatskiĭ dolg. |
| 600 10 - SUBJECT ADDED ENTRY--PERSONAL NAME | |
| Personal name | Rokossovskiĭ, Konstantin Konstantinovich, |
| Dates associated with a name | 1896-1968. |
| 650 #0 - SUBJECT ADDED ENTRY--TOPICAL TERM | |
| Topical term or geographic name entry element | World War, 1939-1945 |
| General subdivision | History |
| Geographic subdivision | Eastern Front. |
| 650 #0 - SUBJECT ADDED ENTRY--TOPICAL TERM | |
| Topical term or geographic name entry element | World War, 1939-1945 |
| General subdivision | Personal narratives, Russian. |
| 906 ## - LOCAL DATA ELEMENT F, LDF (RLIN) | |
| a | 7 |
| b | cbc |
| c | orignew |
| d | 4 |
| e | ncip |
| f | 19 |
| g | y-gencatlg |
| 942 ## - ADDED ENTRY ELEMENTS (KOHA) | |
| Source of classification or shelving scheme | |
| Koha item type | Book |
| Withdrawn status | Lost status | Source of classification or shelving scheme | Damaged status | Not for loan | Permanent Location | Current Location | Shelving location | Date acquired | Total Checkouts | Full call number | Barcode | Date last seen | Price effective from | Koha item type |
|---|---|---|---|---|---|---|---|---|---|---|---|---|---|---|
| Pakistan Navy Engineering College (PNEC) | Pakistan Navy Engineering College (PNEC) | 940.5421 ROK | PNECLIB-019987 | 10/05/2015 | Book |
